Handbook for writers / (Record no. 203458)
[ view plain ]
| 000 -LEADER | |
|---|---|
| fixed length control field | 00803nam a2200265Ia 4500 |
| 003 - CONTROL NUMBER IDENTIFIER | |
| control field | OSt |
| 005 - DATE AND TIME OF LATEST TRANSACTION | |
| control field | 20241125095636.0 |
| 008 - FIXED-LENGTH DATA ELEMENTS--GENERAL INFORMATION | |
| fixed length control field | 210716s1985 xx 000 0 und d |
| 020 ## - INTERNATIONAL STANDARD BOOK NUMBER | |
| International Standard Book Number | 0136952062 |
| 040 ## - CATALOGING SOURCE | |
| Transcribing agency | AIMIT LIBRARY |
| 041 ## - LANGUAGE CODE | |
| Language code of text/sound track or separate title | eng |
| 082 ## - DEWEY DECIMAL CLASSIFICATION NUMBER | |
| Classification number | 808.042 |
| Edition number | 9 |
| Item number | LEGG |
| 100 ## - MAIN ENTRY--PERSONAL NAME | |
| Personal name | Leggett, Glenn. |
| 9 (RLIN) | 186271 |
| 245 ## - TITLE STATEMENT | |
| Title | Handbook for writers / |
| Statement of responsibility, etc. | By Glenn Leggett...[et.al]. |
| 250 ## - EDITION STATEMENT | |
| Edition statement | 9th ed. |
| 260 ## - PUBLICATION, DISTRIBUTION, ETC. | |
| Place of publication, distribution, etc. | New Jersey : |
| Name of publisher, distributor, etc. | Prentice Hall ; |
| Date of publication, distribution, etc. | 1985. |
| 300 ## - PHYSICAL DESCRIPTION | |
| Extent | 558p. ; |
| Other physical details | PB |
| Dimensions | 21 cm. |
| 650 ## - SUBJECT ADDED ENTRY--TOPICAL TERM | |
| Topical term or geographic name entry element | Manuscript mechanics |
| 9 (RLIN) | 186272 |
| 650 ## - SUBJECT ADDED ENTRY--TOPICAL TERM | |
| Topical term or geographic name entry element | Superfluous internal punctuation |
| 9 (RLIN) | 186273 |
| 650 ## - SUBJECT ADDED ENTRY--TOPICAL TERM | |
| Topical term or geographic name entry element | Effective sentences |
| 9 (RLIN) | 186274 |
| 700 ## - ADDED ENTRY--PERSONAL NAME | |
| Personal name | Mead, C David. |
| 9 (RLIN) | 186275 |
| 700 ## - ADDED ENTRY--PERSONAL NAME | |
| Personal name | Kramer, Melinda G. |
| 9 (RLIN) | 186276 |
| 700 ## - ADDED ENTRY--PERSONAL NAME | |
| Personal name | Beal, Richard S. |
| 9 (RLIN) | 186277 |
| 942 ## - ADDED ENTRY ELEMENTS (KOHA) | |
| Source of classification or shelving scheme | Dewey Decimal Classification |
| Koha item type | Book |
| Edition | 9th ed. |
| Call number prefix | 808.042 LEGG |
| Withdrawn status | Lost status | Source of classification or shelving scheme | Damaged status | Not for loan | Collection code | Home library | Current library | Date acquired | Inventory number | Total Checkouts | Full call number | Barcode | Date last seen | Price effective from | Koha item type |
|---|---|---|---|---|---|---|---|---|---|---|---|---|---|---|---|
| Dewey Decimal Classification | MBA | St Aloysius Institute of Management & Information Technology | St Aloysius Institute of Management & Information Technology | 07/16/2021 | Bill no:; Bill dt:1900-01-00 | 808.042 LEGG | MBA06024 | 05/23/2026 | 07/16/2021 | Book |